Marki Samochodów-Państwa - Statystyki

Ogólne statystyki
  • Ten quiz został rozwiązany 257 razy
  • Średni wynik to 10 z 11
Statystyki odpowiedzi
Marka Państwo % Poprawnych
BMW Niemcy
100%
Peugeot Francja
99%
Mitsubishi Japonia
97%
Ford Stany Zjednoczone
97%
Fiat Włochy
96%
Volvo Szwecja
95%
Skoda Czechy
92%
Land Rover Wielka Brytania
91%
Seat Hiszpania
90%
Kia Korea Południowa
81%
Dacia Rumunia
75%
Nie znaleziono quizów pasujących do podanych kryteriów
Rozkład punktacji
Procent ludzi z każdym wynikiem
Percentyl według liczby udzielonych odpowiedzi
Twoja historia wyników
Nie rozwiązałeś tego quizu